[Event "14th Reykjavik op"]
[Site "Reykjavik ISL"]
[Date "1990.03.20"]
[Round "4.33"]
[White "Arnason, Asgeir Thor"]
[Black "Hassabis, Demis"]
[Result "1-0"]
[WhiteElo "2265"]
[BlackElo "2300"]
[EventDate "1990.03.17"]
[PlyCount "122"]

1.d4 Nf6 2.c4 g6 3.Nc3 Bg7 4.e4 d6 5.f3 O-O 6.Bg5 h6 7.Be3 e5 8.d5 Ne8 9.
Bd3 f5 10.Nge2 f4 11.Bf2 Na6 12.Qd2 Nb4 13.Bb1 a5 14.a3 Na6 15.Bc2 Bd7 16.
O-O-O Rb8 17.Kb1 Rf7 18.Nc1 c6 19.Nd3 Bf8 20.c5 Qc7 21.Bb3 dxc5 22.d6 Nxd6
23.Nxe5 c4 24.Nxf7 Nxf7 25.Bxc4 Be8 26.g3 b5 27.Bxf7+ Qxf7 28.Qxf4 Qb3 29.
Bd4 Bxa3 30.Na2 Bf8 31.Be5 Rb7 32.Qf6 Bg7 33.Qd8 Qf7 34.Bxg7 Kxg7 35.Qxa5 
Ra7 36.Nc1 Kh7 37.Qc3 b4 38.Qb3 Qg7 39.Rd6 Bf7 40.Qe3 c5 41.Rhd1 Bc4 42.
Qd2 Nb8 43.Qc2 Qf7 44.b3 Be6 45.Qxc5 Bxb3 46.R1d2 Ba4 47.Rf6 Qg7 48.e5 Rb7
49.Qc8 Bd7 50.Qf8 Bf5+ 51.Rxf5 gxf5 52.Qxf5+ Qg6 53.Qxg6+ Kxg6 54.Kb2 Kf5 
55.f4 h5 56.Nd3 Nc6 57.Nf2 h4 58.Rd6 Nxe5 59.Rd5 hxg3 60.hxg3 Re7 61.Rxe5+
1-0

[Event "14th Reykjavik op"]
[Site "Reykjavik ISL"]
[Date "1990.03.22"]
[Round "5.4"]
[White "Dolmatov, Sergei"]
[Black "Arnason, Jon"]
[Result "1-0"]
[WhiteElo "2620"]
[BlackElo "2500"]
[EventDate "1990.03.17"]
[PlyCount "74"]

1.e4 c5 2.Nf3 d6 3.d4 cxd4 4.Nxd4 Nf6 5.Nc3 a6 6.Be2 e5 7.Nb3 Be7 8.Be3 
Be6 9.f4 exf4 10.Bxf4 Nc6 11.Qd2 O-O 12.O-O-O Ne5 13.Kb1 b5 14.h3 Qd7 15.
g4 Qb7 16.Qd4 Ng6 17.Bg3 h6 18.Nd5 Nxd5 19.exd5 Bd7 20.h4 f5 21.gxf5 Bxf5 
22.Rhf1 Bf6 23.Qd2 Be5 24.Bxe5 Nxe5 25.Nd4 Be4 26.Rg1 Kh8 27.Ne6 Rf7 28.
Qb4 Bxd5 29.Nxg7 Rxg7 30.Rxg7 Bxa2+ 31.Kxa2 Qxg7 32.Rxd6 Nf7 33.Re6 Rc8 
34.Bd3 Ne5 35.Qd6 Nf7 36.Qf4 Rf8 37.Qe4 1-0

[Event "14th Reykjavik op"]
[Site "Reykjavik ISL"]
[Date "1990.03.22"]
[Round "5.10"]
[White "Browne, Walter Shawn"]
[Black "Ernst, Thomas"]
[Result "0-1"]
[WhiteElo "2560"]
[BlackElo "2450"]
[EventDate "1990.03.17"]
[PlyCount "104"]

1.d4 Nf6 2.c4 g6 3.Nc3 d5 4.cxd5 Nxd5 5.e4 Nxc3 6.bxc3 Bg7 7.Bc4 c5 8.Ne2 
Nc6 9.Be3 O-O 10.O-O Bg4 11.f3 Na5 12.Bd3 cxd4 13.cxd4 Be6 14.Qa4 a6 15.d5
b5 16.Qb4 Bxa1 17.Rxa1 Bd7 18.Qd4 f6 19.e5 fxe5 20.Qxe5 Qb8 21.Qxe7 Re8 
22.Qc5 Nb7 23.Qc1 Nd6 24.Ng3 Bf5 25.Qd2 Bxd3 26.Qxd3 Qd8 27.Bc5 Nb7 28.Bf2
Nd6 29.Bc5 Nb7 30.Be3 Nd6 31.Rd1 Rc8 32.Bf4 Qb6+ 33.Kf1 Rc4 34.Qd2 Qc5 35.
Bxd6 Qxd6 36.Ne4 Rcxe4 37.fxe4 Qxh2 38.Qg5 Rxe4 39.Qd8+ Kf7 40.Qd7+ Re7 
41.Qg4 Kg7 42.Qh3 Rf7+ 43.Ke2 Qe5+ 44.Qe3 Qh5+ 45.Kd2 Qxd5+ 46.Kc1 Qf5 47.
Qc3+ Qf6 48.Rd4 h5 49.g3 Qe5 50.Kb2 Kh7 51.a3 Kg7 52.g4 Rc7 0-1

[Event "14th Reykjavik op"]
[Site "Reykjavik ISL"]
[Date "1990.03.22"]
[Round "5.11"]
[White "Benjamin, Joel"]
[Black "Stefansson, Hannes Hlifar"]
[Result "1-0"]
[WhiteElo "2530"]
[BlackElo "2420"]
[EventDate "1990.03.17"]
[PlyCount "95"]

1.e4 d5 2.exd5 Nf6 3.d4 Nxd5 4.Nf3 g6 5.c4 Nb6 6.Nc3 Bg7 7.c5 Nd5 8.Qa4+ 
c6 9.Nxd5 Qxd5 10.Bc4 Qd8 11.O-O O-O 12.Re1 Nd7 13.Bg5 b5 14.cxb6 Nxb6 15.
Qb3 Bf6 16.Bh6 Nxc4 17.Qxc4 Re8 18.Qxc6 Rb8 19.Qc3 Bb7 20.Rad1 Bxf3 21.
gxf3 Qd5 22.b3 Red8 23.Qe3 Rd7 24.Qf4 Rbd8 25.Re4 Rd6 26.Qg3 Qa5 27.a4 
Bxd4 28.Rd2 e5 29.Rc2 Qd5 30.Rc7 Qa5 31.Re7 Qa6 32.Kg2 R6d7 33.R4xe5 Rxe7 
34.Rxe7 Qf6 35.Bg5 Qf5 36.Rb7 Re8 37.Rb8 Qe6 38.Qf4 Rxb8 39.Qxb8+ Kg7 40.
Qf4 Qe5 41.Bh6+ Kg8 42.Qxe5 Bxe5 43.Be3 a6 44.f4 Bd6 45.Kf3 f5 46.Ke2 Kf7 
47.Kd3 Ke6 48.Kc4 1-0

[Event "14th Reykjavik op"]
[Site "Reykjavik ISL"]
[Date "1990.03.22"]
[Round "5.13"]
[White "Polaczek, Richard"]
[Black "Wessman, Richard"]
[Result "1-0"]
[WhiteElo "2420"]
[BlackElo "2505"]
[EventDate "1990.03.17"]
[PlyCount "122"]

1.d4 d5 2.c4 c6 3.Nf3 Nf6 4.Nc3 dxc4 5.Ne5 b5 6.g3 Nfd7 7.Nxd7 Nxd7 8.Bg2 
Qb6 9.a4 b4 10.a5 Qa6 11.Ne4 Qb5 12.Bf4 g6 13.h4 h6 14.Qc1 f5 15.Nd2 Bg7 
16.Qxc4 Qxc4 17.Nxc4 Ba6 18.Bxc6 Bxc4 19.Bxa8 Bxd4 20.O-O-O Nc5 21.Rxd4 
Nb3+ 22.Kb1 Nxd4 23.Rc1 Ba6 24.Be5 O-O 25.Bd5+ e6 26.Bc4 Bxc4 27.Rxc4 Nb3 
28.Rc7 Rf7 29.Rc8+ Rf8 30.Rxf8+ Kxf8 31.Bd6+ Ke8 32.Bxb4 Nd4 33.Bc5 Nb5 
34.Kc2 Kd7 35.Kd3 Kc6 36.Bf8 h5 37.e4 a6 38.exf5 exf5 39.Kc4 Nc7 40.Bh6 
Ne6 41.Be3 Kd6 42.Bf4+ Kc6 43.b4 Nf8 44.Kd4 Nd7 45.f3 Kb5 46.Bd6 Kc6 47.
Be7 Kb5 48.Bd6 Kc6 49.Bf4 Kb5 50.Kd5 Kxb4 51.Kc6 Nf6 52.Be5 Ng8 53.Kb6 Ka4
54.Kxa6 Ne7 55.Bc3 Kb3 56.Kb7 f4 57.Be5 fxg3 58.a6 g2 59.Bh2 Nf5 60.a7 
Nxh4 61.a8=Q 1-0

[Event "14th Reykjavik op"]
[Site "Reykjavik ISL"]
[Date "1990.03.22"]
[Round "5.14"]
[White "Wedberg, Tomas"]
[Black "Arnason, Throestur"]
[Result "1-0"]
[WhiteElo "2485"]
[BlackElo "2235"]
[EventDate "1990.03.17"]
[PlyCount "120"]

1.c4 c5 2.Nc3 Nc6 3.g3 g6 4.Bg2 Bg7 5.a3 Nh6 6.Rb1 a5 7.e4 d6 8.Nge2 f5 9.
d3 O-O 10.O-O Nd4 11.h3 Rb8 12.b4 axb4 13.axb4 fxe4 14.dxe4 Nxe2+ 15.Nxe2 
Be6 16.Qc2 cxb4 17.Rxb4 Nf7 18.Nd4 Qd7 19.Nxe6 Qxe6 20.f4 Rfc8 21.Qd3 Kh8 
22.Be3 Qf6 23.Rfb1 Nd8 24.Rb6 Qf7 25.Rc1 Ra8 26.c5 Ne6 27.Qd5 Kg8 28.e5 
Nxc5 29.Bxc5 Rxc5 30.Rxc5 dxc5 31.Qxb7 Rd8 32.Qc7 Rd1+ 33.Kh2 Rd2 34.Qxc5 
Qa2 35.Rb8+ Bf8 36.Qc6 Rc2 37.Qb7 Kg7 38.h4 h6 39.Ra8 Qb2 40.Qxb2 Rxb2 41.
Kh3 Rb6 42.Be4 Kf7 43.Bd5+ Kg7 44.Rc8 Ra6 45.Bc4 Rb6 46.Kg4 h5+ 47.Kh3 Rb1
48.Bd3 Rb6 49.Kg2 Re6 50.Rb8 Rc6 51.Kf3 Rc3 52.Ke2 Rc6 53.Kd2 Kf7 54.Bb5 
Rc7 55.Be8+ Kg7 56.Bxg6 e6 57.Bxh5 Ra7 58.Rb3 Ra2+ 59.Ke3 Bc5+ 60.Kf3 1-0

[Event "14th Reykjavik op"]
[Site "Reykjavik ISL"]
[Date "1990.03.22"]
[Round "5.16"]
[White "Petursson, Margeir"]
[Black "Bjoernsson, Tomas"]
[Result "1-0"]
[WhiteElo "2555"]
[BlackElo "2300"]
[EventDate "1990.03.17"]
[PlyCount "61"]

1.d4 d5 2.c4 e6 3.Nc3 Nf6 4.cxd5 exd5 5.Bg5 Be7 6.e3 O-O 7.Bd3 c6 8.Qc2 
Nbd7 9.Nge2 Re8 10.O-O Nf8 11.a3 a5 12.f3 c5 13.Rad1 c4 14.Bf5 Bxf5 15.
Qxf5 g6 16.Qc2 Ne6 17.Bh4 Nc7 18.a4 Qd7 19.Bg3 Bd6 20.e4 Nh5 21.Bxd6 Qxd6 
22.b3 Qb4 23.Rb1 Rab8 24.Rfc1 Rec8 25.bxc4 Qxc4 26.g4 dxe4 27.Nxe4 Qxc2 
28.Rxc2 Ng7 29.Nf6+ Kh8 30.Rbc1 Nge8 31.Nd7 1-0

[Event "14th Reykjavik op"]
[Site "Reykjavik ISL"]
[Date "1990.03.22"]
[Round "5.17"]
[White "Bewersdorff, Oliver"]
[Black "Hellers, Ferdinand"]
[Result "0-1"]
[WhiteElo "2325"]
[BlackElo "2525"]
[EventDate "1990.03.17"]
[PlyCount "34"]

1.d4 Nf6 2.c4 g6 3.Nc3 Bg7 4.e4 d6 5.Nf3 O-O 6.h3 e5 7.d5 Na6 8.Be3 Nh5 9.
Ng1 Qe8 10.Be2 f5 11.Bxh5 gxh5 12.Nge2 Qg6 13.Rh2 f4 14.Bd2 f3 15.gxf3 
Rxf3 16.Rh1 Qg2 17.Rf1 0-1

[Event "14th Reykjavik op"]
[Site "Reykjavik ISL"]
[Date "1990.03.22"]
[Round "5.19"]
[White "Vidarsson, Jon"]
[Black "Nijboer, Friso"]
[Result "0-1"]
[WhiteElo "2290"]
[BlackElo "2485"]
[EventDate "1990.03.17"]
[PlyCount "160"]

1.e4 d6 2.d4 Nf6 3.Nc3 g6 4.f4 Bg7 5.e5 dxe5 6.dxe5 Qxd1+ 7.Kxd1 Ng4 8.Nd5
Kd8 9.Ke1 c6 10.Ne3 f6 11.Nf3 fxe5 12.Nxg4 Bxg4 13.Nxe5 Be6 14.Bc4 Bxc4 
15.Nxc4 Nd7 16.c3 Rf8 17.Rf1 Kc7 18.Be3 b5 19.Na5 e5 20.fxe5 Nxe5 21.Rxf8 
Rxf8 22.Rd1 Re8 23.Kf1 Ng4 24.Bg1 Bh6 25.Nb3 Be3 26.Nd4 c5 27.Nf3 Bxg1 28.
Kxg1 Re2 29.Rd2 Rxd2 30.Nxd2 Kc6 31.b3 Ne3 32.c4 b4 33.Kf2 Nd1+ 34.Kf3 Nc3
35.Kf4 Nxa2 36.Kg5 a5 37.h4 Nc1 38.Kh6 Nxb3 39.Nxb3 a4 40.Nd2 b3 41.Nb1 
Kb6 42.Kxh7 Ka5 43.Kxg6 Kb4 44.g4 a3 45.Nxa3 Kxa3 46.g5 b2 47.Kh6 b1=Q 48.
g6 Qc1+ 49.Kh5 Qxc4 50.g7 Qf7+ 51.Kh6 c4 52.h5 c3 53.g8=Q Qf4+ 54.Kh7 c2 
55.Qa8+ Kb3 56.Qb7+ Kc3 57.Qc6+ Qc4 58.Qf6+ Kb4 59.Qb2+ Ka4 60.Qc1 Qf7+ 
61.Kh6 Kb3 62.Qe3+ Ka2 63.Qd2 Qb3 64.Qa5+ Kb2 65.Qe5+ Qc3 66.Qb5+ Ka3 67.
Qa6+ Kb3 68.Qb6+ Qb4 69.Qe3+ Ka2 70.Qe6+ Kb1 71.Qf5 Qd4 72.Kh7 Kb2 73.Qb5+
Kc3 74.Qc6+ Kd3 75.Qf3+ Kc4 76.Qc6+ Qc5 77.Qe4+ Kb5 78.Qb7+ Ka5 79.Qa8+ 
Kb6 80.Qb8+ Ka6 0-1

[Event "14th Reykjavik op"]
[Site "Reykjavik ISL"]
[Date "1990.03.22"]
[Round "5.21"]
[White "Levitt, Jonathan"]
[Black "Bergsson, Snorri"]
[Result "0-1"]
[WhiteElo "2465"]
[BlackElo "2230"]
[EventDate "1990.03.17"]
[PlyCount "58"]

1.d4 e6 2.c4 f5 3.Nf3 Nf6 4.g3 d5 5.Bg2 c6 6.O-O Bd6 7.Bf4 Bxf4 8.gxf4 O-O
9.Nbd2 Bd7 10.Qb3 b5 11.c5 a5 12.Ne5 Be8 13.Bf3 Ra7 14.Kh1 Nfd7 15.Qe3 Rf6
16.Rg1 Rh6 17.Rg5 Nxe5 18.Qxe5 Re7 19.Rag1 Bg6 20.Nb3 Re8 21.Nc1 Qe7 22.
Nd3 Rc8 23.a3 Kf8 24.Rc1 Be8 25.Rxf5+ exf5 26.Qxf5+ Qf6 27.Qxc8 Qh4 28.h3 
Nd7 29.Bg4 Qxg4 0-1

[Event "14th Reykjavik op"]
[Site "Reykjavik ISL"]
[Date "1990.03.22"]
[Round "5.25"]
[White "Einarsson, Halldor"]
[Black "Winsnes, Rikard"]
[Result "1-0"]
[WhiteElo "2280"]
[BlackElo "2385"]
[EventDate "1990.03.17"]
[PlyCount "56"]

1.e4 e6 2.d4 d5 3.Nc3 Bb4 4.a3 Bxc3+ 5.bxc3 dxe4 6.Qg4 Nf6 7.Qxg7 Rg8 8.
Qh6 c5 9.Bb2 Nbd7 10.O-O-O Qa5 11.Nh3 b6 12.Qf4 cxd4 13.cxd4 Bb7 14.d5 
Nxd5 15.Qxe4 O-O-O 16.Qxh7 Nc5 17.Qxf7 Nc3 18.Rxd8+ Rxd8 19.Bc4 Bxg2 20.
Rg1 Bxh3 21.Qf3 N3e4 22.Qxh3 Qd2+ 23.Kb1 Qxf2 24.Bxe6+ Kb8 25.Be5+ Kb7 26.
Rg7+ Kc6 27.Rc7+ Kb5 28.Bc4+ 1-0

[Event "14th Reykjavik op"]
[Site "Reykjavik ISL"]
[Date "1990.03.22"]
[Round "5.26"]
[White "Sigfusson, Sigurdur"]
[Black "Arnason, Asgeir Thor"]
[Result "1/2-1/2"]
[WhiteElo "2370"]
[BlackElo "2265"]
[EventDate "1990.03.17"]
[PlyCount "40"]

1.Nf3 Nf6 2.g3 d5 3.Bg2 c6 4.O-O Bg4 5.c4 e6 6.b3 Qb6 7.Qc2 Be7 8.d3 O-O 
9.Bb2 Nbd7 10.Nc3 h6 11.e4 dxe4 12.dxe4 Rfe8 13.Ne2 Bxf3 14.Bxf3 e5 15.Nc1
Bc5 16.Nd3 Bd4 17.Rad1 Bxb2 18.Qxb2 a5 19.Qc3 Nc5 20.Nxc5 1/2-1/2

[Event "14th Reykjavik op"]
[Site "Reykjavik ISL"]
[Date "1990.03.22"]
[Round "5.27"]
[White "Gudmundsson, Kristjan"]
[Black "Tangborn, Eric"]
[Result "0-1"]
[WhiteElo "2210"]
[BlackElo "2355"]
[EventDate "1990.03.17"]
[PlyCount "92"]

1.e4 c5 2.Nf3 Nc6 3.d4 cxd4 4.Nxd4 g6 5.Nc3 Bg7 6.Be3 Nf6 7.Bc4 Qa5 8.O-O 
O-O 9.Nb3 Qc7 10.Bg5 a6 11.f4 b5 12.Be2 b4 13.Nd5 Qa7+ 14.Kh1 Nxe4 15.Bxe7
Nxe7 16.Nxe7+ Kh8 17.Bf3 f5 18.Bxe4 fxe4 19.Qd6 a5 20.Nc5 Qb8 21.Nxe4 Qxd6
22.Nxd6 Ba6 23.Rf2 Bxb2 24.Rd1 Rf6 25.f5 gxf5 26.Nexf5 Raf8 27.g4 Re6 28.
Rd5 Be5 29.Rxa5 Bxd6 30.Rxa6 Bc5 31.Rxe6 dxe6 32.Rf3 exf5 33.gxf5 Rg8 34.
Rf1 Ra8 35.Rf4 Rxa2 36.Rc4 Bf8 37.Rc7 Kg8 38.h3 Ra3 39.Rd7 Rxh3+ 40.Kg2 
Rc3 41.Rd2 Kf7 42.Kf2 Kf6 43.Ke1 Bc5 44.Rh2 Kxf5 45.Rxh7 Rxc2 46.Kd1 Rc3 
0-1

[Event "14th Reykjavik op"]
[Site "Reykjavik ISL"]
[Date "1990.03.22"]
[Round "5.28"]
[White "Olafsson, David"]
[Black "Lamm, Steffen"]
[Result "1-0"]
[WhiteElo "2260"]
[BlackElo "2280"]
[EventDate "1990.03.17"]
[PlyCount "68"]

1.e4 d6 2.d4 Nf6 3.Nc3 g6 4.Be2 Bg7 5.Be3 O-O 6.Qd2 c6 7.f3 b5 8.O-O-O Qa5
9.Bh6 e5 10.dxe5 dxe5 11.h4 b4 12.Nb1 Qxa2 13.h5 Be6 14.Bxg7 Kxg7 15.g4 
Nbd7 16.hxg6 fxg6 17.Qh6+ Kg8 18.Rd6 Rf7 19.b3 Nc5 20.Rxe6 Nxe6 21.Bc4 Nd4
22.Rh2 Rd8 23.f4 exf4 24.Qxf4 Nd5 25.Qe5 Ne2+ 26.Nxe2 Rf1+ 27.Kd2 Qxb1 28.
exd5 Qd1+ 29.Ke3 cxd5 30.Qe6+ Rf7 31.Rxh7 Kxh7 32.Qxf7+ Kh6 33.g5+ Kh5 34.
Qf3+ 1-0

[Event "14th Reykjavik op"]
[Site "Reykjavik ISL"]
[Date "1990.03.22"]
[Round "5.34"]
[White "Hassabis, Demis"]
[Black "Karason, Askell Oern"]
[Result "0-1"]
[WhiteElo "2300"]
[BlackElo "2250"]
[EventDate "1990.03.17"]
[PlyCount "84"]

1.e4 c5 2.Nf3 d6 3.c3 Nf6 4.Be2 Nbd7 5.Qc2 Qc7 6.O-O g6 7.a4 Bg7 8.Na3 O-O
9.d3 b6 10.h3 Bb7 11.Bf4 e5 12.Bh2 a6 13.Rfe1 Nh5 14.Bf1 h6 15.Rad1 d5 16.
Nb1 Rae8 17.Nbd2 Qd8 18.Qb3 Qa8 19.d4 cxd4 20.cxd4 exd4 21.Bd6 dxe4 22.
Bxf8 Nxf8 23.Nh2 Nd7 24.Nc4 Re6 25.Qb4 Bd5 26.Rc1 Qb8 27.Na3 e3 28.fxe3 
Qg3 29.Qd2 dxe3 30.Qe2 Be5 31.Ng4 Nf4 32.Qxe3 Nxh3+ 33.Kh1 Nf2+ 34.Qxf2 
Qxg4 35.Be2 Qh3+ 36.Kg1 Qh2+ 37.Kf1 Bg3 38.Qg1 Qh4 39.Red1 Rf6+ 40.Bf3 
Bxf3 41.gxf3 Rxf3+ 42.Ke2 Qe4+ 0-1

[Event "14th Reykjavik op"]
[Site "Reykjavik ISL"]
[Date "1990.03.23"]
[Round "6"]
[White "Hellers, Ferdinand"]
[Black "Howell, James"]
[Result "1-0"]
[WhiteElo "2525"]
[BlackElo "2450"]
[EventDate "1990.03.17"]
[PlyCount "96"]

1.e4 e5 2.Nf3 Nc6 3.Bb5 a6 4.Ba4 Nf6 5.O-O Be7 6.Re1 b5 7.Bb3 d6 8.c3 O-O 
9.h3 Na5 10.Bc2 c5 11.d4 Qc7 12.Nbd2 Bd7 13.Nf1 cxd4 14.cxd4 Rac8 15.Ne3 
Nc6 16.d5 Nb4 17.Bb1 a5 18.a3 Na6 19.b4 axb4 20.axb4 Qb7 21.Bd2 Bd8 22.Bd3
Bb6 23.Qe2 Nc7 24.Nd1 Ra8 25.Nc3 Rxa1 26.Rxa1 Ra8 27.Rc1 Ra3 28.Ne1 Bd4 
29.Nb1 Ra8 30.Nc2 Bb2 31.Re1 Kh8 32.Nc3 Ng8 33.Nd1 Ba1 34.Nde3 Bb2 35.Rb1 
Ra2 36.Nd1 Bd4 37.Nxd4 exd4 38.Rb2 Rxb2 39.Nxb2 Ne7 40.f3 Qb6 41.Qf2 Ng6 
42.Bc3 Qa7 43.Qxd4 Qxd4+ 44.Bxd4 Ne5 45.Bxe5 dxe5 46.Be2 f6 47.Nd3 Bc8 48.
Nc5 1-0

[Event "14th Reykjavik op"]
[Site "Reykjavik ISL"]
[Date "1990.03.23"]
[Round "6"]
[White "Arnason, Jon"]
[Black "Gausel, Einar"]
[Result "1/2-1/2"]
[WhiteElo "2500"]
[BlackElo "2440"]
[EventDate "1990.03.17"]
[PlyCount "58"]

1.e4 c5 2.Nf3 Nc6 3.d4 cxd4 4.Nxd4 e5 5.Nb5 d6 6.N1c3 a6 7.Na3 b5 8.Nd5 
Nce7 9.c4 Nxd5 10.exd5 bxc4 11.Nxc4 Be7 12.Bd2 a5 13.Qa4+ Bd7 14.Qa3 Qb8 
15.Bxa5 Nf6 16.Bc7 Qb7 17.Nxd6+ Bxd6 18.Qxd6 Nxd5 19.Rc1 Qxb2 20.Qxe5+ 
Qxe5+ 21.Bxe5 O-O 22.Rc5 Nb6 23.Bd3 Rxa2 24.O-O Be6 25.Rc6 Nd5 26.Bc4 Raa8
27.Bd6 Rfc8 28.Rxc8+ Rxc8 29.Bxd5 Bxd5 1/2-1/2

[Event "14th Reykjavik op"]
[Site "Reykjavik ISL"]
[Date "1990.03.23"]
[Round "6"]
[White "Tangborn, Eric"]
[Black "Wessman, Richard"]
[Result "0-1"]
[WhiteElo "2355"]
[BlackElo "2505"]
[EventDate "1990.03.17"]
[PlyCount "90"]

1.d4 d5 2.Nf3 c6 3.Bf4 Nf6 4.e3 Bg4 5.Nbd2 Nbd7 6.h3 Bh5 7.Be2 e6 8.O-O 
Be7 9.c4 O-O 10.Qb3 b6 11.cxd5 Nxd5 12.Bh2 c5 13.Bb5 cxd4 14.exd4 Bg6 15.
Rfc1 Nb8 16.Ne5 Bg5 17.Rd1 a6 18.Nxg6 hxg6 19.Be2 Nc6 20.Nf3 Bf6 21.Ne5 
Bxe5 22.dxe5 Qg5 23.Bf3 Nce7 24.Qd3 Rfc8 25.Be4 Ra7 26.Qd2 Qxd2 27.Rxd2 
Rac7 28.Kf1 b5 29.Ke2 Nb6 30.Rad1 Ned5 31.Bxd5 Nxd5 32.f4 Rc4 33.g3 Ra4 
34.a3 Re4+ 35.Kf3 Re3+ 36.Kg2 g5 37.fxg5 Rxe5 38.Kf3 Rf5+ 39.Ke2 Rxg5 40.
g4 f5 41.Kf3 fxg4+ 42.hxg4 Rf8+ 43.Ke4 Rxg4+ 44.Kd3 Rf3+ 45.Ke2 Rh3 0-1

[Event "14th Reykjavik op"]
[Site "Reykjavik ISL"]
[Date "1990.03.23"]
[Round "6"]
[White "Arkell, Keith"]
[Black "Einarsson, Halldor"]
[Result "0-1"]
[WhiteElo "2460"]
[BlackElo "2280"]
[EventDate "1990.03.17"]
[PlyCount "50"]

1.d4 Nf6 2.Nf3 g6 3.c4 Bg7 4.Nc3 O-O 5.g3 d6 6.Bg2 Nbd7 7.O-O e5 8.Qc2 
exd4 9.Nxd4 Nb6 10.Qd3 d5 11.c5 Nbd7 12.Nb3 c6 13.Bf4 Re8 14.Rad1 Ne5 15.
Bxe5 Rxe5 16.e4 Qe8 17.exd5 Bf5 18.Qc4 Nxd5 19.Nxd5 cxd5 20.Bxd5 Bh3 21.
Bxb7 Bxf1 22.Kxf1 Rd8 23.Rxd8 Qxd8 24.c6 Re7 25.Qc2 Qd5 0-1

[Event "14th Reykjavik op"]
[Site "Reykjavik ISL"]
[Date "1990.03.23"]
[Round "6"]
[White "Arkell, Susan"]
[Black "Levitt, Jonathan"]
[Result "1-0"]
[WhiteElo "2270"]
[BlackElo "2465"]
[EventDate "1990.03.17"]
[PlyCount "104"]

1.e4 Nc6 2.Nf3 d6 3.d4 Bg4 4.Be2 g6 5.O-O Bg7 6.c3 Nf6 7.h3 Bd7 8.d5 Nb8 
9.e5 dxe5 10.Nxe5 Bf5 11.Bf3 Nbd7 12.Bf4 Nh5 13.Bxh5 Nxe5 14.Be2 O-O 15.
Na3 c6 16.dxc6 Nxc6 17.Nc4 e5 18.Be3 Qe7 19.b4 Rfd8 20.Qa4 Nd4 21.cxd4 
exd4 22.Rad1 Bd7 23.Qa5 dxe3 24.Nxe3 b6 25.Qa6 Qxb4 26.Qb7 Qa4 27.Rd6 Bf8 
28.Bd1 Qb5 29.a4 Qxf1+ 30.Kxf1 Bxd6 31.Bb3 Bf8 32.Qf3 Be6 33.Bxe6 fxe6 34.
Qe4 Re8 35.Qb7 Kh8 36.g3 Bg7 37.Nc4 Rf8 38.Nd6 Bd4 39.Nf7+ Kg8 40.Nh6+ Kh8
41.Nf7+ Kg8 42.Ng5 Bg7 43.Nxe6 Bf6 44.Nxf8 Rxf8 45.Qxa7 Bd8 46.Qd7 g5 47.
h4 gxh4 48.gxh4 Kh8 49.h5 Bg5 50.Qd4+ Rf6 51.h6 Kg8 52.Qd5+ 1-0

[Event "14th Reykjavik op"]
[Site "Reykjavik ISL"]
[Date "1990.03.23"]
[Round "6"]
[White "Arnason, Throestur"]
[Black "Hoei, Carsten"]
[Result "1/2-1/2"]
[WhiteElo "2235"]
[BlackElo "2445"]
[EventDate "1990.03.17"]
[PlyCount "82"]

1.d4 d6 2.c4 g6 3.Nc3 Bg7 4.e4 Nf6 5.Be2 O-O 6.Bg5 c6 7.Qd2 a6 8.h4 b5 9.
f3 h5 10.Rd1 Qc7 11.Nh3 Bxh3 12.Rxh3 Nbd7 13.Qe3 bxc4 14.Bxc4 d5 15.Be2 
dxe4 16.fxe4 e5 17.d5 cxd5 18.Nxd5 Nxd5 19.Rxd5 Nb6 20.Rd1 Rab8 21.Kf1 a5 
22.b3 Kh7 23.Qc3 Qb7 24.Bf3 a4 25.Kg1 axb3 26.axb3 Rfc8 27.Qe1 Nd7 28.g4 
Nf6 29.gxh5 gxh5 30.Bxf6 Qb6+ 31.Kh1 Qxf6 32.Bxh5 Bh6 33.Rd7 Rf8 34.Bg4 
Rg8 35.Bf5+ Kh8 36.Rhd3 Rbc8 37.R7d6 Rc1 38.Qxc1 Qxh4+ 39.Rh3 Qxh3+ 40.
Bxh3 Bxc1 41.Rd3 Rb8 1/2-1/2

[Event "14th Reykjavik op"]
[Site "Reykjavik ISL"]
[Date "1990.03.23"]
[Round "6"]
[White "Arnason, Asgeir Thor"]
[Black "Thorhallsson, Throestur"]
[Result "0-1"]
[WhiteElo "2265"]
[BlackElo "2405"]
[EventDate "1990.03.17"]
[PlyCount "80"]

1.d4 Nf6 2.c4 c5 3.e3 cxd4 4.exd4 d5 5.Nc3 Nc6 6.Nf3 e6 7.Bg5 Be7 8.a3 O-O
9.c5 Ne4 10.Bxe7 Qxe7 11.Be2 Nxc3 12.bxc3 e5 13.Nxe5 Nxe5 14.dxe5 Qxe5 15.
O-O Be6 16.Qd2 Qc7 17.Rab1 Rab8 18.Qe3 Rfc8 19.c6 bxc6 20.Qc5 Rb6 21.Rb4 
Rcb8 22.Ra4 g6 23.Bd3 R8b7 24.f4 Qe7 25.Qf2 Rb2 26.Qg3 f5 27.Re1 Qc5+ 28.
Kh1 Bf7 29.Bxf5 Qf2 30.Bd3 Qxg3 31.hxg3 R2b3 32.Rc1 Re7 33.Bf1 Re3 34.Rxa7
Rexc3 35.Re1 Re3 36.Rc1 c5 37.Rxc5 Rb1 38.Rc8+ Re8 39.Rxe8+ Bxe8 40.a4 
Rxf1+ 0-1

[Event "14th Reykjavik op"]
[Site "Reykjavik ISL"]
[Date "1990.03.23"]
[Round "6"]
[White "Hansson, Dan"]
[Black "Sigfusson, Sigurdur"]
[Result "1-0"]
[WhiteElo "2270"]
[BlackElo "2370"]
[EventDate "1990.03.17"]
[PlyCount "80"]

1.e4 e5 2.Nf3 Nc6 3.Bb5 a6 4.Ba4 Nf6 5.O-O Be7 6.Re1 b5 7.Bb3 d6 8.c3 O-O 
9.d4 Re8 10.Nbd2 Bf8 11.Nf1 Bb7 12.Ng3 Na5 13.Bc2 g6 14.b3 Bg7 15.Bb2 Nd7 
16.Qd2 exd4 17.cxd4 c5 18.Rad1 c4 19.Bc3 Nc6 20.bxc4 bxc4 21.h4 Na7 22.a4 
d5 23.e5 Nf8 24.h5 Ne6 25.Nf1 Bc6 26.Ne3 Bh6 27.g3 Qd7 28.Ra1 Ng7 29.hxg6 
hxg6 30.Kg2 Nh5 31.Qe2 Bg7 32.Rh1 Nc8 33.Rxh5 gxh5 34.Ng5 Rxe5 35.Qxh5 
Rxg5 36.Qxg5 Nd6 37.Rh1 Re8 38.Bh7+ Kf8 39.Bf5 Qe7 40.Qf4 {time?} 1-0

[Event "14th Reykjavik op"]
[Site "Reykjavik ISL"]
[Date "1990.03.23"]
[Round "6"]
[White "Winsnes, Rikard"]
[Black "Halldorsson, Bragi"]
[Result "1-0"]
[WhiteElo "2385"]
[BlackElo "2215"]
[EventDate "1990.03.17"]
[PlyCount "86"]

1.e4 e5 2.Nf3 Nc6 3.Bb5 a6 4.Ba4 Nf6 5.O-O Nxe4 6.d4 b5 7.Bb3 d5 8.dxe5 
Be6 9.Be3 Be7 10.c3 Qd7 11.Nbd2 Nc5 12.Bc2 Bg4 13.Qb1 Bh5 14.Bf5 Ne6 15.
Rd1 Bg6 16.Nb3 O-O 17.Rd2 Bxf5 18.Qxf5 Bd8 19.Rad1 Ne7 20.Qh3 Qc8 21.Nh4 
c6 22.f4 f5 23.exf6 Rxf6 24.f5 Nf8 25.Bd4 Rf7 26.Rf2 Nd7 27.Nc5 Nxc5 28.
Bxc5 Qd7 29.Bd4 Nc8 30.Ng6 Bf6 31.Bxf6 Rxf6 32.Ne5 Qe8 33.Ng4 Rf7 34.f6 
Nd6 35.Qg3 Ne4 36.Nh6+ Kh8 37.Nxf7+ Qxf7 38.Qxg7+ Qxg7 39.fxg7+ Kxg7 40.
Rf4 a5 41.Rdf1 a4 42.Rg4+ Kh8 43.a3 1-0

[Event "14th Reykjavik op"]
[Site "Reykjavik ISL"]
[Date "1990.03.23"]
[Round "6"]
[White "Gislason, Gudmundur"]
[Black "Brendel, Oliver"]
[Result "1-0"]
[WhiteElo "2225"]
[BlackElo "2360"]
[EventDate "1990.03.17"]
[PlyCount "70"]

1.d4 Nf6 2.c4 g6 3.Nc3 Bg7 4.e4 O-O 5.Nge2 d6 6.Ng3 e5 7.d5 c6 8.h4 cxd5 
9.cxd5 Na6 10.Be2 Bd7 11.h5 Qb6 12.h6 Bh8 13.O-O Rfc8 14.Bd2 Nc7 15.a4 a5 
16.Ra3 Na6 17.Rb3 Qd8 18.Be3 Nb4 19.f4 exf4 20.Rxf4 Ne8 21.Qf1 Qe7 22.Qf2 
Be5 23.Rf3 Rc7 24.Bb6 Rcc8 25.Bd4 Rc7 26.Bxe5 dxe5 27.Bf1 Bg4 28.d6 Nxd6 
29.Rxb4 Rxc3 30.Rxb7 Nxb7 31.Rxc3 Rd8 32.Qb6 Be6 33.Rc7 Rd7 34.Rc8+ Rd8 
35.Qxb7 1-0

[Event "14th Reykjavik op"]
[Site "Reykjavik ISL"]
[Date "1990.03.23"]
[Round "6"]
[White "Kristjansson, Olafur"]
[Black "Bewersdorff, Oliver"]
[Result "0-1"]
[WhiteElo "2215"]
[BlackElo "2325"]
[EventDate "1990.03.17"]
[PlyCount "74"]

1.e4 c5 2.Nf3 Nc6 3.d4 cxd4 4.Nxd4 Nf6 5.Nc3 e5 6.Ndb5 d6 7.Bg5 a6 8.Bxf6 
gxf6 9.Na3 b5 10.Nd5 f5 11.Bd3 Be6 12.Qh5 f4 13.g3 Rg8 14.Qxh7 Rg6 15.Qh4 
Qxh4 16.gxh4 Rc8 17.c3 Bg4 18.Rg1 Be7 19.Be2 f3 20.Ne3 Bh5 21.Rxg6 fxg6 
22.Bf1 Bxh4 23.Nac2 Rb8 24.a4 bxa4 25.Nc4 Nd8 26.Bh3 Nf7 27.Rxa4 Ng5 28.
Bf1 Nxe4 29.Rxa6 Nxf2 30.Kd2 Ke7 31.b4 Bg5+ 32.Ke1 Ne4 33.Bd3 Nxc3 34.Nxd6
Rd8 35.Rc6 Rxd6 36.Rc7+ Ke8 37.Rxc3 e4 0-1

[Event "14th Reykjavik op"]
[Site "Reykjavik ISL"]
[Date "1990.03.23"]
[Round "6"]
[White "Becx, Cesar"]
[Black "Sigurpalsson, Runar"]
[Result "1-0"]
[WhiteElo "2300"]
[BlackElo "2220"]
[EventDate "1990.03.17"]
[PlyCount "64"]

1.f4 d5 2.Nf3 Nf6 3.g3 g6 4.Bg2 Bg7 5.O-O O-O 6.d3 c6 7.Nc3 b5 8.a3 Qb6+ 
9.Kh1 Bb7 10.e4 dxe4 11.dxe4 c5 12.e5 Ne4 13.Nd5 Qd8 14.Ng5 Bxd5 15.Nxe4 
Na6 16.Be3 Qd7 17.c4 bxc4 18.Qxd5 Qxd5 19.Nf6+ exf6 20.Bxd5 fxe5 21.Bxa8 
Rxa8 22.Rac1 Rb8 23.fxe5 Bxe5 24.Bf4 Bxf4 25.Rxf4 Rxb2 26.Rfxc4 Kf8 27.Rd1
Ke7 28.Re4+ Kf8 29.Rd8+ Kg7 30.Rd7 Nb8 31.Rc7 Rf2 32.Re8 1-0

[Event "14th Reykjavik op"]
[Site "Reykjavik ISL"]
[Date "1990.03.23"]
[Round "6"]
[White "Lamm, Steffen"]
[Black "Gudmundsson, Kristjan"]
[Result "0-1"]
[WhiteElo "2280"]
[BlackElo "2210"]
[EventDate "1990.03.17"]
[PlyCount "64"]

1.e4 c5 2.b3 Nf6 3.e5 Nd5 4.Bb2 Nc6 5.Nf3 d6 6.c4 Nc7 7.Na3 Bg4 8.Be2 Ne6 
9.exd6 Qxd6 10.Nb5 Qd7 11.h3 Bh5 12.Ne5 Nxe5 13.Bxe5 Bxe2 14.Qxe2 a6 15.
Nc3 f6 16.Bh2 Qc6 17.Nd5 Kf7 18.O-O Nd4 19.Qd1 e6 20.Nf4 g6 21.Re1 Bh6 22.
Ne2 Rad8 23.f4 Nf5 24.Nc3 Rd4 25.Rf1 Rhd8 26.Rf2 Qd6 27.g4 Nh4 28.g5 Rxd2 
29.Qf1 Qd4 30.Rc1 Nf3+ 31.Kg2 Nxh2 32.gxh6 Nxf1 0-1